Which City in the United States? - Statistics

General Stats
  • This quiz has been taken 120 times
  • The average score is 34 of 40
Answer Stats
Description Answer % Correct
Second largest city, has Hollywood L Los Angeles
100%
Capital of the United States W Washington, D.C.
100%
Nicknamed "Beantown" and the largest city of New England B Boston
98%
Largest city and financial center of the U.S. N New York
98%
Home to NASA's Johnson Space Center H Houston
97%
This Cali city's larger region encircles a bay of the same name S San Francisco
97%
The downtown "loop" of this city has the Willis Tower C Chicago
96%
Its Independence Hall is where the Declaration of Independence was signed P Philadelphia
96%
You can see Mt. Rainier on clear days from this city's Space Needle S Seattle
96%
Nicknamed "Motor City" its population peaked at almost 2 million in 1950 D Detroit
95%
You would most likely fly to this city to visit Disney World O Orlando
95%
Has the busiest airport in the world A Atlanta
92%
Around 1/8th of this city's metro population is from Cuba M Miami
92%
Located roughly one mile above sea level D Denver
90%
The Metroplex is what this city's metro area is often called D Dallas
88%
Over 250,000 people can be seated at this city's motor speedway I Indianapolis
88%
Largest city on the island of Oahu H Honolulu
86%
Larger of the two "Twin Cities" M Minneapolis
86%
Located on the other side of the US–Mexico border from Tijuana S San Diego
86%
The Gateway Arch of this city honors westward expansion S Saint Louis
85%
This city has the same name as a president who served non-consecutive terms C Cleveland
84%
These 2 cities share the same name, with the larger being in Missouri K Kansas City
84%
The closest major city to Area 51 L Las Vegas
83%
15 miles northwest of this city is Niagara Falls B Buffalo
82%
Shares the Research Triangle with Chapel Hill and Durham R Raleigh
82%
Historically significant port near the mouth of the Mississippi River N New Orleans
81%
Tesla moved their headquarters to this city in 2021 A Austin
80%
Most of its downtown bridges are painted gold P Pittsburgh
78%
The Star Spangled Banner was written about a flag in this city B Baltimore
77%
The Sunshine Skyway Bridge crosses this city's bay T Tampa
77%
Its downtown is the center of the LDS Church S Salt Lake City
76%
Capital of the Confederate States of America during the Civil War R Richmond
74%
Its major airport is named for astronaut John Glenn C Columbus
73%
Named for an ancient Egyptian capital M Memphis
73%
Where the hit AMC show Breaking Bad takes place A Albuquerque
72%
Its metro area contains Surprise and Peoria P Phoenix
72%
Across the Columbia River is Vancouver, but not the Canadian one P Portland
72%
The annual Kentucky Derby is held at this city's Churchill Downs L Louisville
69%
A federal building in this city was bombed in 1995 O Oklahoma City
68%
Brown University is in this city P Providence
62%
No matching quizzes found
Score Distribution
Percent of People with Each Score
Percentile by Number Answered
Your Score History
You have not taken this quiz